000 00488nam a2200169Ia 4500
003 GCL
008 140319s9999 xx 000 0 ara d
040 _aGCL /
_cGCL
082 0 4 _a818.07
_bك ل
100 1 _aكريم عاصى
245 1 0 _aلطائف النساء /
_cكريم عاصى
250 _aالاولى
260 _aبيروت :
_bدار الفكر اللبنانى ،
_c1992
300 _a175 ص ؛
_c24 سم
650 0 4 _aالمرأة فى الادب
942 _2ddc
_cBK
999 _c38069
_d38069